Państwa w Europie z największą liczbą ludności - Statystyki

Ogólne statystyki
  • Ten quiz został rozwiązany 555 razy
  • Średni wynik to 9 z 10
Statystyki odpowiedzi
Hint Odpowiedź % Poprawnych
49 331 076 osób Hiszpania
99%
38 420 687 osób Polska
99%
142 122 776 osób Rosja
99%
67 364 357 osób Francja
98%
80 457 737 osób Niemcy
98%
37 289 000 osób Ukraina
97%
62 246 674 osób Włochy
95%
65 105 256 osób Wielka Brytania
94%
21 457 116 osób Rumunia
81%
17 151 228 osób Holandia
71%
Nie znaleziono quizów pasujących do podanych kryteriów
Rozkład punktacji
Procent ludzi z każdym wynikiem
Percentyl według liczby udzielonych odpowiedzi
Twoja historia wyników
Nie rozwiązałeś tego quizu